عرض عادي
عرض مارك
- التربية الخاصة
مدخل مصطلح موضوعي
001 - رقم الضبط
- حقل الضبط: 56465
003 - معرف رقم الضبط
- حقل الضبط: OSt
005 - تاريخ ووقت أخر عملية
- حقل الضبط: 20160928083850.0
008 - عناصر بيانات ثابتة الطول
- حقل تحكم ثابت الطول: 160928|| aca||aabn | a|a d
040 ## - مصدر الفهرسة
- هيئة الفهرسة الأصلية: OSt
- وكالة الكتابة: OSt
150 ## - مدخل-- مصطلح تاريخي
- عنصر مدخل المصطلح الموضوعي او الاسم الجغرافي: التربية الخاصة
670 ## - بيانات المصدر موجوده
- الاستشهاد بالمصدر: Work cat.: (OSt)39744: القمش، مصطفى نوري 56463, موضوعات خاصة في التربية الخاصة /
